Godzilla Franchise - Statistics

General Stats
  • This quiz has been taken 153 times
  • The average score is 59 of 173
Answer Stats
Type Year Name Info % Correct
Film 1954 Godzilla Toho
100%
TV Show 1978-1979 Godzilla NBC / Tokyo Channel 12
100%
Video Game 1983 Godzilla The Code Works
100%
Video Game 1988 Godzilla Novotrade Magyarország / DELTASoft
100%
Comic Mini-Series 1988-1989 Godzilla Dark Horse Comics
100%
Video Game 1990 Godzilla Toho / Nintendo
100%
Video Game 1993 Godzilla SystemSoft
100%
Video Game 1993 Godzilla Banpresto
100%
Film 1998 Godzilla TriStar Pictures / Toho
100%
Video Game 1998 Godzilla TriStar Pictures
100%
Video Game 1998 Godzilla Sega
100%
Board Game 1998 Godzilla Milton Bradley
100%
Comic Series 2012-2013 Godzilla IDW Publishing
100%
Film 2014 Godzilla Warner Bros. / Toho
100%
Video Game 2014 Godzilla Bandai Namco Games
100%
Board Game 1963 Godzilla Game Ideal
100%
Board Game 1978 Godzilla Game Mattel
100%
TV Show 1998-2000 Godzilla: The Series Fox Kids / DirecTV
100%
Video Game 1999 Godzilla: The Series Crave
100%
Film 1996 Rebirth of Mothra Toho
88%
Comic Mini-Series 1998 Dark Horse Classics: Godzilla-King of the Monsters Dark Horse Comics
80%
Comic Series 1977-1979 Godzilla, King of the Monsters Marvel Comics
80%
Comic Book 1994 Godzilla, King of the Monsters Trendmasters
80%
Comic Series 1995-1996 Godzilla, King of the Monsters Dark Horse Comics
80%
Children's Novel 1996 Godzilla, King of the Monsters Scott Ciencin
80%
Film 2019 Godzilla: King of the Monsters Warner Bros. / Toho
80%
Film 1961 Mothra Toho
79%
Film 1955 Godzilla Raids Again Toho
77%
Film 2020 Godzilla vs. Kong Warner Bros. / Toho
74%
Film 1956 Rodan Toho
72%
Film 1992 Godzilla vs. Mothra Toho
70%
Film 1962 King Kong vs. Godzilla Toho
69%
Film 1956 Godzilla, King of the Monsters! Toho
68%
Film 2018 Godzilla: City on the Edge of Battle Toho / Netflix
67%
Film 1974 Godzilla vs. Mechagodzilla Toho
65%
Film 2016 Shin Godzilla Toho
65%
Video Game 2016 Shin Godzilla Toho
65%
Video Game 1992 Godzilla 2: War of the Monsters Toho
64%
Film 2004 Godzilla: Final Wars Toho
64%
Video Game 1994 Godzilla: Monster War Toho
62%
Film 1972 Godzilla vs. Gigan Toho
60%
Film 2018 Godzilla: The Planet Eater Toho / Netflix
59%
Film 1994 Godzilla vs. SpaceGodzilla Toho
59%
Film 1968 Destroy All Monsters Toho
58%
Film 1971 Godzilla vs. Hedorah Toho
58%
Film 1989 Godzilla vs. Biollante Toho
57%
Film 1991 Godzilla vs. King Ghidorah Toho
56%
Film 1973 Godzilla vs. Megalon Toho
56%
Comic Book 1976 Godzilla vs. Megalon Cinema Shares International Distribution Corp.
56%
Novel 1997 Godzilla 2000 Marc Cerasini
54%
Film 1999 Godzilla 2000 Toho
54%
Film 1967 Son of Godzilla Toho
54%
Film 1975 Terror of Mechagodzilla Toho
54%
Film 1984 The Return of Godzilla Toho
54%
Film 1964 Ghidorah, the Three-Headed Monster Toho
52%
Film 2003 Godzilla: Tokyo S.O.S. Toho
52%
Film 1964 Mothra vs. Godzilla Toho
52%
Film 2002 Godzilla Against Mechagodzilla Toho
51%
Film 2000 Godzilla vs. Megaguirus Toho
49%
Film 1965 Invasion of Astro-Monster Toho
49%
Film 2017 Godzilla: Planet of the Monsters Toho / Netflix
48%
Film 1995 Godzilla vs. Destoroyah Toho
48%
Film 1969 All Monsters Attack Toho
47%
Film 2001 Godzilla, Mothra and King Ghidorah: Giant Monsters All-Out Attack Toho
47%
Film 1966 Ebirah, Horror of the Deep Toho
44%
Film 1993 Godzilla vs. Mechagodzilla II Toho
42%
Film 1997 Rebirth of Mothra II Toho
37%
Film 1998 Rebirth of Mothra III Toho
37%
Film 1985 Godzilla 1985 New World Pictures
36%
Film 1957 The Mysterians Toho
30%
Film 1963 Atragon Toho
28%
Film 1966 The War of the Gargantuas Toho / Maron Films
26%
Video Game 2004 Godzilla: Save the Earth Atari
25%
Film 1970 Space Amoeba Toho
25%
Film 1965 Frankenstein Conquers the World Toho / American International Pictures
23%
Film 1958 Varan the Unbelievable Toho
23%
Video Game 2007 Godzilla: Unleashed Atari
22%
Comic Mini-Series 2015 Godzilla in Hell IDW Publishing
21%
Film 1964 Dogora Toho
20%
Comic Series 2013-2015 Godzilla: Rulers of Earth IDW Publishing
19%
Film 1962 Gorath Toho
19%
Comic Book 2019 Godzilla: Aftershock Legendary Comics
17%
Film 1963 Matango Toho
17%
Video Game 1998 Godzilla Generations Sega
16%
Video Game 1988 Godzilla: Monster of Monsters Toho
16%
Comic Book 2014 Godzilla: Awakening Legendary Comics
15%
Video Game 2019 Godzilla Defense Force Nexon
15%
TV Show 1997-1998 Godzilla Island TV Tokyo
15%
Comic Series 2011-2012 Godzilla: Kingdom of Monsters IDW Publishing
15%
Comic Mini-Series 2016 Godzilla: Rage Across Time IDW Publishing
15%
Novel 1996 Godzilla Returns Marc Cerasini
15%
Film 1959 The Three Treasures Toho
15%
TV Show 1973 Zone Fighter Nippon Television
15%
Film 1959 Battle in Outer Space Toho
14%
Comic Mini-Series 2011 Godzilla: Gangsters & Goliaths IDW Publishing
14%
Comic Mini-Series 2011-2012 Godzilla: Legends IDW Publishing
14%
Comic Mini-Series 2016 Godzilla: Oblivion IDW Publishing
14%
Commercial 1992 Godzilla vs. Charles Barkley Nike
14%
Comic Book 1993 Godzilla vs. Charles Barkley Dark Horse Comics
14%
Film 1969 Latitude Zero Toho
14%
Video Game 2002 Godzilla: Destroy All Monsters Melee Infogrames
12%
Comic Mini-Series 2012 Godzilla: The Half-Century War IDW Publishing
12%
Comic Mini-Series 2014 Godzilla: Cataclysm IDW Publishing
11%
Video Game 2014 Godzilla: Strike Zone Legendary Pictures
11%
Film 1994 Orochi, the Eight-Headed Dragon
11%
Video Game 1999 Godzilla Generations: Maximum Impact Sega
10%
TV Show 1992-1996 Godzilland TV Tokyo
10%
Video Game 2007 Godzilla Unleashed: Double Smash Atari
10%
Video Game 1993 Super Godzilla Toho
10%
Fan Film 1983 Wolfman vs Godzilla N/A
10%
Comic Book 1979 A Space Godzilla Starlog
9%
Novel N/A Godzilla and the Lost Continent Marc Cerasini
7%
Video Game 2002 Godzilla: Domination! Infogrames
7%
Video Game 2014 Godzilla Smash3 RoguePlay
7%
Novel 1999 Godzilla vs. the Robot Monsters Marc Cerasini
7%
Film 1989 Gunhed Toho
7%
Comic Book 1991 The Godzilla Comic Raids Again: Gigantis the Fire Comic ????
7%
Novel 1998 Godzilla at World's End Marc Cerasini
6%
Video Game 1995 Godzilla: Heart-Pounding Monster Island Sega
6%
Children's Novel 1997 Godzilla Invades America Scott Ciencin
6%
Children's Novel 1998 Godzilla: Journey to Monster Island Scott Ciencin
6%
Video Game 2015 Godzilla: Kaiju Collection HEROZ, Inc.
6%
Video Game 1998 Godzilla Online Kesmai Corporation
6%
Video Game 2011 Godzilla on Monster Island IGT
6%
Video Game 1998 Godzilla Trading Battle Toho
6%
Children's Novel 1998 Godzilla vs. the Space Monster Scott Ciencin
6%
Theme Park Attraction 1994-Present Monster Planet of Godzilla Sanrio Puroland
6%
Video Game 1986 Monster's Fair Toho
6%
Film 1977 The War in Space Toho
6%
Card Game 2015 Battle Spirits Bandai
5%
Film 2005 Chousei Kantai Sazer-X the Movie: Fight! Star Warriors TV Tokyo
5%
Video Game 2006 CR Godzilla 3S-T Battle Newgin
5%
Video Game 2010 CR Godzilla: Descent of the Destruction God Newgin
5%
Video Game 1985 Fierce Dragon Godzilla: Metropolis Destruction / Bōryū Gojira Daitoshi Kaimetsu Bandai
5%
Video Game 1995 Godzilla: Archipelago Shock Sega
5%
Video Game 2014 Godzilla: Crisis Defense Legendary Pictures
5%
Board Game 2010 Godzilla: Kaiju World Wars ToyVault
5%
Video Game 2009 Godzilla: Monster Mayhem Indiagames Ltd.
5%
Video Game 2009 Godzilla: Monster Mayhem Indiagames Ltd.
5%
Video Game 1998 Godzilla Movie Studio Tour Toho
5%
Video Game 2007 Godzilla: Pachislot Wars Sammy
5%
Video Game 2000 Godzilla: The Series - Monster Wars Crave
5%
Video Game 1998 G-Patrol VR Combat Simulator TriStar Pictures
5%
TV Show 1973-1974 Ike! Greenman Nippon Television
5%
Video Game 1986 The Movie Monster Game Epyx
5%
Short Film 1969 Bambi Meets Godzilla Student Film
4%
Comic Book 1998 Godzilla: Age of Monsters Dark Horse Comics
4%
Video Game 1993 Godzilla: Battle Legends Toho / Hudson Soft
4%
Card Game 2011 Godzilla Stomp! ToyVault
4%
Video Game 1998 Godzilla - The Aftermath TriStar Pictures
4%
Video Game 1995 Godzilla: The Atomar Nightmare Tiger's Claw
4%
Comic Book 2014 Godzilla: The IDW Era IDW Publishing
4%
Video Game 1998 Godzilla: Virtual Shakin' TriStar Pictures
4%
Video Game 1994 Godzilla Wars Jr. Namco
4%
Video Game 1985 Gojira-Kun Toho
4%
TV Show 1972-1973 Ike! Godman Nippon Television
4%
Card Game 1970 Pachimon Yokopro
4%
Comic Book 1990 The Godzilla Comic ????
4%
Comic Book 1958 Godzilla Continued: Anguirus Strikes Back ????
2%
Video Game 2014 Godzilla Encounter Legendary Pictures
2%
Comic Book 2014 Godzilla: History's Greatest Monster IDW Publishing
2%
Video Game 1995 Godzilla: Kaijuu no Daishingeki Sega
2%
Comic Book 1987 Godzilla, King of the Monsters Special #1 Dark Horse Comics
2%
Comic Book 1998 Godzilla: Past Present Future Dark Horse Comics
2%
Comic Book 2016 Godzilla Treasury Edition IDW Publishing
2%
Comic Book 1995 Godzilla versus Hero Zero Dark Horse Comics
2%
Video Game 1993 Kaijū-ō Godzilla Bandai
2%
Comic Book 1955 The Last Godzilla ????
2%
Card Game 2015 Trendmasters Godzilla Red/Blue Series AlmightyRayzilla
2%
Comic Book 2014 Big Comic Original Godzilla Special Issue Big Comic Original Magazine
1%
Comic Book 2011 Godzilla: Kingdom of Monsters 100-Cover Charity Spectacular IDW Publishing
1%
Video Game 1984 Godzilla & the Monsters Temptation Software Ltd
1%
Video Game 1984 Godzilla vs. the Martians Bandai
1%
No matching quizzes found
Score Distribution
Percent of People with Each Score
Percentile by Number Answered
Your Score History
You have not taken this quiz